| 000 | 00916nam a2200181Ia 4500 | ||
|---|---|---|---|
| 003 | GCL | ||
| 008 | 140319s9999 xx 000 0 ara d | ||
| 040 |
_aGCL / _cGCL |
||
| 082 | 0 | 4 |
_a227.1 _bز ك |
| 100 | 1 | _aالزمخشرى: جارالله ابوالقاسم محمود بن عمر بن محمد بن احمد الخورازمى | |
| 245 | 1 | 0 |
_aالكشاف : _bعن حقائق التنزيل و عيون الاقاويل فى وجوه التأويل و يليه الكافى الشافى فى تخريج احاديث الكشاف / _cالزمخشرى: جارالله ابوالقاسم محمود بن عمر بن محمد بن احمد الخورازمى |
| 260 |
_aالقاهرة : _bدار عالم المعرفة |
||
| 300 |
_a4 جزء ؛ _c27 سم |
||
| 650 | 0 | 4 | _aالقران - اسباب النزول |
| 650 | 0 | 4 | _aالقران - الفاظ |
| 650 | 0 | 4 | _aالقران - تفاسير |
| 942 |
_2ddc _cBK |
||
| 999 |
_c54275 _d54275 |
||